Budúcnosť nevidím optimisticky Dnes hovoríme s filmovým kritikom a historikom Martinom Šmatlákom

Bibliographic Details
Main Authors: Šmatlák, Martin, 1961- (Author), Gašparovičová, Alena (Author)
Format: Article
Language:Slovak
PhysicalDescription:Fotogr. 1
Subjects:

MARC

LEADER 00000nab a2200000 a 4500
001 vtls000629297
003 SK-MaSNL
005 20260302185431.0
008 160401c1997 xo 0 slo
015 |a SNBRB19rr/mm-uuuuu 
035 |a CL0629436 
040 |a SNKBUCL  |b slo  |c SNKBUCL  |e AACR2 
041 0 |a slo 
044 |a xo  |c SK 
080 |a 791.43(437.6):778.5(437.6)  |2 1981 
080 |a 778.5(437.6)  |2 1981 
100 1 |a Šmatlák, Martin,  |d 1961-  |4 aut  |9 89200 
245 1 0 |a Budúcnosť nevidím optimisticky  |b Dnes hovoríme s filmovým kritikom a historikom Martinom Šmatlákom  |c Martin Šmatlák, Alena Gašparovičová 
300 |b Fotogr. 1 
650 0 7 |a film slovenský  |2 snkbucl  |9 853809 
650 0 7 |a kinematografia slovenská  |2 snkbucl  |9 860007 
655 7 |a články z novín a časopisov  |2 snkbucl  |9 267496 
700 1 |a Gašparovičová, Alena  |4 aut  |9 268583 
773 0 |t Pravda  |g Roč. 7, č. 169 (24. 7. 1997), s. 7 
850 |a Slovenská národná knižnica v Martine  |a MTA001 
852 |a SNK  |b KIS3GCP 
958 |a SK 
958 |a RK 
958 |a RBX 
999 |c 1429521  |d 1431451